A Textbook of Mechatronics (Record no. 6976)
[ view plain ]
| 000 -LEADER | |
|---|---|
| fixed length control field | 00426nam a2200169Ia 4500 |
| 008 - FIXED-LENGTH DATA ELEMENTS--GENERAL INFORMATION | |
| fixed length control field | 230711s9999||||xx |||||||||||||| ||und|| |
| 020 ## - INTERNATIONAL STANDARD BOOK NUMBER | |
| International Standard Book Number | 978-81-219-2859-5 |
| 041 ## - LANGUAGE CODE | |
| Language code of text/sound track or separate title | ENG |
| 082 ## - DEWEY DECIMAL CLASSIFICATION NUMBER | |
| Classification number | 629.89 |
| Item number | RA-M |
| 100 ## - MAIN ENTRY--PERSONAL NAME | |
| Personal name | Rajput,R.K |
| 245 #2 - TITLE STATEMENT | |
| Title | A Textbook of Mechatronics |
| 250 ## - EDITION STATEMENT | |
| Edition statement | 4th Reprint Ed. |
| 260 ## - PUBLICATION, DISTRIBUTION, ETC. | |
| Date of publication, distribution, etc. | 2021 |
| Place of publication, distribution, etc. | New Delhi |
| Name of publisher, distributor, etc. | S.Chand & Company Ltd |
| 300 ## - PHYSICAL DESCRIPTION | |
| Extent | 792p. |
| 650 ## - SUBJECT ADDED ENTRY--TOPICAL TERM | |
| Topical term or geographic name entry element | Mechanical Engineering |
| 942 ## - ADDED ENTRY ELEMENTS (KOHA) | |
| Koha item type | Book |
| Withdrawn status | Lost status | Damaged status | Not for loan | Collection | Home library | Current library | Date acquired | Source of acquisition | Cost, normal purchase price | Inventory number | Total checkouts | Full call number | Barcode | Date last seen | Price effective from | Koha item type |
|---|---|---|---|---|---|---|---|---|---|---|---|---|---|---|---|---|
| MRSPTU Central Library | MRSPTU Central Library | Technical Bureau India PVT.LTD | 695.00 | TB47344713 | 629.89 RA-M | 41135 | 08/17/2023 | 08/17/2023 | Book | |||||||
| MRSPTU Central Library | MRSPTU Central Library | Technical Bureau India PVT.LTD | 695.00 | TB47344713 | 629.89 RA-M | 41136 | 08/17/2023 | 08/17/2023 | Book | |||||||
| MRSPTU Central Library | MRSPTU Central Library | Technical Bureau India PVT.LTD | 695.00 | TB47344713 | 629.89 RA-M | 41137 | 08/17/2023 | 08/17/2023 | Book | |||||||
| MRSPTU Central Library | MRSPTU Central Library | Technical Bureau India PVT.LTD | 695.00 | TB47344713 | 629.89 RA-M | 41138 | 08/17/2023 | 08/17/2023 | Book | |||||||
| MRSPTU Central Library | MRSPTU Central Library | Technical Bureau India PVT.LTD | 695.00 | TB47344713 | 629.89 RA-M | 41139 | 08/17/2023 | 08/17/2023 | Book | |||||||
| MRSPTU Central Library | MRSPTU Central Library | Technical Bureau India PVT.LTD | 695.00 | TB47344713 | 629.89 RA-M | 41140 | 08/17/2023 | 08/17/2023 | Book | |||||||
| MRSPTU Central Library | MRSPTU Central Library | Technical Bureau India PVT.LTD | 695.00 | TB47344713 | 629.89 RA-M | 41141 | 08/17/2023 | 08/17/2023 | Book | |||||||
| MRSPTU Central Library | MRSPTU Central Library | Technical Bureau India PVT.LTD | 695.00 | TB47344713 | 629.89 RA-M | 41142 | 08/17/2023 | 08/17/2023 | Book | |||||||
| MRSPTU Central Library | MRSPTU Central Library | Technical Bureau India PVT.LTD | 695.00 | TB47344713 | 629.89 RA-M | 41143 | 08/17/2023 | 08/17/2023 | Book | |||||||
| MRSPTU Central Library | MRSPTU Central Library | Technical Bureau India PVT.LTD | 695.00 | TB47344713 | 629.89 RA-M | 41144 | 08/17/2023 | 08/17/2023 | Book |
